000 00944nam a2200229Ia 4500
001 15458
005 20260408165400.0
008 260306t2014||||xx |||||||||||||| ||und||
041 _aESP
082 _a540
_bR84
100 _aRosenberg, Jerome L.
_eAUT
245 0 _aQuimica
260 _c2014
300 _a387 páginas :
_c27 cm.
650 _aGEN
654 _aCCN
856 _uhttps://itmsp.museknowledge.com/UCSP?url=https://www.ebooks7-24.com:443/?il=674&pg=2
_zVersión digital
856 _uhttps://0u213vns4-y-https-ebooks7--24-com.itmsp.museknowledge.com/biblioteca.aspx
_zVéase además: Base de datos Ebook7-24
856 _uhttps://0u20fvns6-y-https-research-ebsco-com.itmsp.museknowledge.com/c/qxo6us/search
_zVéase además: Base de datos EBSCOhost
856 _uhttps://0u23fvnsg-y-https-www-clinicalkey-com.itmsp.museknowledge.com/student/login
_zVéase además: Base de datos ClinicalKey
942 _cLIB
_dJUS
_fJUS
_2ddc
999 _c15458
_d15458